Edmée (Record no. 170026)

MARC details
000 -LEADER
campo de control de longitud fija 00696nam a2200205 i 4500
001 - NÚMERO DE CONTROL
campo de control 170026
003 - IDENTIFICADOR DE NÚMERO DE CONTROL
campo de control ES-MaACL
005 - FECHA Y HORA DE LA ÚLTIMA TRANSACCIÓN
campo de control 20230906214251.0
008 - DATOS DE LONGITUD FIJA--INFORMACIÓN GENERAL
campo de control de longitud fija 090114s1951 fr |||| | fre d
080 ## - NÚMERO DE LA CLASIFICACIÓN DECIMAL UNIVERSAL
Número de la Clasificación Decimal Universal 821.133.1-293
100 1# - ENTRADA PRINCIPAL--NOMBRE DE PERSONA
Nombre de persona Bréal, Pierre-Aristide.
9 (RLIN) 139182
245 10 - MENCIÓN DEL TÍTULO
Título Edmée
Resto del título : comédie-farce en trois actes /
Mención de responsabilidad, etc. P.-A. Bréal.
260 ## - PUBLICACIÓN, DISTRIBUCIÓN, ETC.
Lugar de publicación, distribución, etc. Paris :
Nombre del editor, distribuidor, etc. [s.n.],
Fecha de publicación, distribución, etc. 1951 (
Fabricante Persan-Beaumont)
300 ## - DESCRIPCIÓN FÍSICA
Extensión 32 p. ;
Dimensiones 27 cm.
490 1# - MENCIÓN DE SERIE
Mención de serie Opera : supplément théatral ;
Designación de volumen o secuencia 43
500 ## - NOTA GENERAL
Nota general Cubierta il. con fot.
830 0# - PUNTO DE ACCESO ADICIONAL DE SERIE-TÍTULO UNIFORME
Título uniforme Opera : supplément théatral ;
Designación de volumen o secuencia 43
9 (RLIN) 188914
852 4# - LOCALIZACIÓN
Ubicación ES-MaACL
Número de control de estantería E-12381(7)
itemnumber R.140538
Nota libre . - Biblioteca Jacinto Martínez Lacalle
Holdings
Estatus retirado Estado de pérdida Estado de daño No para préstamo Biblioteca de origen Biblioteca actual Ubicación en estantería Fecha de adquisición Fuente de adquisición Total de préstamos Signatura topográfica completa Código de barras Visto por última vez Precio de reemplazo Tipo de ítem Koha
        Biblioteca del Ateneo de Madrid Biblioteca del Ateneo de Madrid Depósito 2 14/01/2009     E-12381(7) 1178498 23/02/2023 23/02/2023 Libro impreso